Govt. of
Madhya Pradesh

Fundamentals of Financial Management (Record no. 64899)

MARC details
000 -LEADER
fixed length control field 00280nam a2200109Ia 4500
008 - FIXED-LENGTH DATA ELEMENTS--GENERAL INFORMATION
fixed length control field 221009s9999 xx 000 0 und d
082 ## - DEWEY DECIMAL CLASSIFICATION NUMBER
Classification number 658/SIN
100 ## - MAIN ENTRY--PERSONAL NAME
Personal name Singh surender Kaur Rajeev
9 (RLIN) 66841
245 #0 - TITLE STATEMENT
Title Fundamentals of Financial Management
260 ## - PUBLICATION, DISTRIBUTION, ETC. (IMPRINT)
Name of publisher, distributor, etc. Book Bank
942 ## - ADDED ENTRY ELEMENTS (KOHA)
Koha item type Books

No items available.